<?xml version="1.0" encoding="UTF-8"?>
<record
    xmlns:xsi="http://www.w3.org/2001/XMLSchema-instance"
    xsi:schemaLocation="http://www.loc.gov/MARC21/slim http://www.loc.gov/standards/marcxml/schema/MARC21slim.xsd"
    xmlns="http://www.loc.gov/MARC21/slim">

  <leader>01142nam a22002537a 4500</leader>
  <controlfield tag="005">20170124102942.0</controlfield>
  <datafield tag="010" ind1=" " ind2=" ">
    <subfield code="a">B-104037</subfield>
  </datafield>
  <datafield tag="020" ind1=" " ind2=" ">
    <subfield code="c">400.00</subfield>
  </datafield>
  <datafield tag="035" ind1=" " ind2=" ">
    <subfield code="a">B-104037</subfield>
  </datafield>
  <datafield tag="037" ind1=" " ind2=" ">
    <subfield code="b">Cen Lib/Ret</subfield>
  </datafield>
  <datafield tag="040" ind1=" " ind2=" ">
    <subfield code="a">DPL</subfield>
    <subfield code="b">HN</subfield>
  </datafield>
  <datafield tag="082" ind1=" " ind2=" ">
    <subfield code="a">820.8</subfield>
    <subfield code="b">&#x924;&#x932;&#x935;&#x93E;</subfield>
  </datafield>
  <datafield tag="100" ind1=" " ind2=" ">
    <subfield code="a">&#x924;&#x932;&#x935;&#x93E;&#x930;, &#x935;&#x940;&#x930;&#x92D;&#x93E;&#x930;&#x924; </subfield>
    <subfield code="9">48667</subfield>
  </datafield>
  <datafield tag="245" ind1=" " ind2=" ">
    <subfield code="a">&#x930;&#x938;&#x94D;&#x938;&#x93E;&#x915;&#x936;&#x940; :</subfield>
    <subfield code="c">&#x935;&#x940;&#x930;&#x92D;&#x93E;&#x930;&#x924; &#x924;&#x932;&#x935;&#x93E;&#x930; </subfield>
    <subfield code="b">19&#x935;&#x940;&#x902; &#x938;&#x926;&#x940; &#x915;&#x93E; &#x928;&#x935;&#x91C;&#x93E;&#x917;&#x930;&#x923; &#x914;&#x930; &#x92A;&#x936;&#x94D;&#x91A;&#x93F;&#x92E;&#x94B;&#x924;&#x94D;&#x924;&#x930; &#x92A;&#x94D;&#x930;&#x93E;&#x902;&#x924; /</subfield>
  </datafield>
  <datafield tag="246" ind1=" " ind2=" ">
    <subfield code="a">Rassakashi : 19vi sadi ka navjagran aur pashchimottar prant /</subfield>
    <subfield code="b">by Veerbhaarat Talwar </subfield>
  </datafield>
  <datafield tag="260" ind1=" " ind2=" ">
    <subfield code="a">&#x926;&#x93F;&#x932;&#x94D;&#x932;&#x940; </subfield>
    <subfield code="b">&#x938;&#x93E;&#x930;&#x93E;&#x902;&#x936; &#x92A;&#x94D;&#x930;&#x915;&#x93E;&#x936;&#x928; </subfield>
    <subfield code="c">2002</subfield>
  </datafield>
  <datafield tag="270" ind1=" " ind2=" ">
    <subfield code="a">142-&#x908;, &#x92A;&#x949;&#x915;&#x947;&#x91F;-4, &#x92E;&#x92F;&#x942;&#x930; &#x935;&#x93F;&#x939;&#x93E;&#x930;-I</subfield>
    <subfield code="b">&#x926;&#x93F;&#x932;&#x94D;&#x932;&#x940; </subfield>
    <subfield code="e">110091</subfield>
  </datafield>
  <datafield tag="300" ind1=" " ind2=" ">
    <subfield code="a">viii,412&#x92A;&#x943;. </subfield>
    <subfield code="c">21&#x938;&#x947;&#x92E;&#x940; (&#x938;&#x91C;&#x93F;&#x932;&#x94D;&#x926;)</subfield>
  </datafield>
  <datafield tag="650" ind1=" " ind2=" ">
    <subfield code="a">&#x939;&#x93F;&#x928;&#x94D;&#x926;&#x940; -- &#x938;&#x93E;&#x939;&#x93F;&#x924;&#x94D;&#x92F; </subfield>
    <subfield code="9">48668</subfield>
  </datafield>
  <datafield tag="650" ind1=" " ind2=" ">
    <subfield code="a">&#x939;&#x93F;&#x928;&#x94D;&#x926;&#x940; -- &#x915;&#x939;&#x93E;&#x928;&#x940; </subfield>
    <subfield code="9">779</subfield>
  </datafield>
  <datafield tag="650" ind1=" " ind2=" ">
    <subfield code="a">Hindi - literature</subfield>
    <subfield code="9">48669</subfield>
  </datafield>
  <datafield tag="650" ind1=" " ind2=" ">
    <subfield code="a">Hindi -- Story</subfield>
    <subfield code="9">43117</subfield>
  </datafield>
  <datafield tag="942" ind1=" " ind2=" ">
    <subfield code="2">ddc</subfield>
    <subfield code="c">HN</subfield>
    <subfield code="h">820.8</subfield>
    <subfield code="m">&#x924;&#x932;&#x935;&#x93E;</subfield>
  </datafield>
  <datafield tag="999" ind1=" " ind2=" ">
    <subfield code="c">112669</subfield>
    <subfield code="d">112669</subfield>
  </datafield>
  <datafield tag="952" ind1=" " ind2=" ">
    <subfield code="0">0</subfield>
    <subfield code="1">0</subfield>
    <subfield code="4">0</subfield>
    <subfield code="7">0</subfield>
    <subfield code="a">L</subfield>
    <subfield code="b">L</subfield>
    <subfield code="d">2015-08-10</subfield>
    <subfield code="e">Cen Lib/Ret</subfield>
    <subfield code="g">400.00</subfield>
    <subfield code="l">4</subfield>
    <subfield code="m">4</subfield>
    <subfield code="o">820.8 &#x924;&#x932;&#x935;&#x93E;</subfield>
    <subfield code="p">B-104037</subfield>
    <subfield code="r">2024-03-09 00:00:00</subfield>
    <subfield code="s">2024-02-07</subfield>
    <subfield code="t">1</subfield>
    <subfield code="v">400.00</subfield>
    <subfield code="w">2015-08-10</subfield>
    <subfield code="y">HN</subfield>
  </datafield>
  <datafield tag="952" ind1=" " ind2=" ">
    <subfield code="0">0</subfield>
    <subfield code="1">0</subfield>
    <subfield code="4">0</subfield>
    <subfield code="7">0</subfield>
    <subfield code="a">L</subfield>
    <subfield code="b">L</subfield>
    <subfield code="d">2015-08-12</subfield>
    <subfield code="e">Cen Lib/Ret</subfield>
    <subfield code="g">400.00</subfield>
    <subfield code="l">7</subfield>
    <subfield code="m">11</subfield>
    <subfield code="o">820.8 &#x924;&#x932;&#x935;&#x93E;</subfield>
    <subfield code="p">B-104036</subfield>
    <subfield code="r">2021-12-18 00:00:00</subfield>
    <subfield code="s">2021-12-07</subfield>
    <subfield code="t">2</subfield>
    <subfield code="v">400.00</subfield>
    <subfield code="w">2015-08-12</subfield>
    <subfield code="y">HN</subfield>
  </datafield>
</record>
